Normal view
MARC view
- Islam and state
Entry Topical Term
001 - CONTROL NUMBER
- control field: 105287
003 - CONTROL NUMBER IDENTIFIER
- control field: NUST
005 - DATE AND TIME OF LATEST TRANSACTION
- control field: 20221220102351.0
008 - FIXED-LENGTH DATA ELEMENTS
- fixed length control field: 221220|| aca||aabn | a|a d
040 ## - CATALOGING SOURCE
- Original cataloging agency: NUST
- Transcribing agency: NUST
150 ## - HEADING--TOPICAL TERM
- Topical term or geographic name entry element: Islam and state
- Geographic subdivision: Arab countries
670 ## - SOURCE DATA FOUND
- Source citation: Work cat.: (NUST)0: Filiu, Jean-Pierre, author. 105281, From deep state to Islamic State :
